000 01075nam0a22002531 4500
001 rc\493158
005 20030616171546.1
035 _a(NLR Aleph) 005734914
090 _a7617890
_c7617890
100 _a20030616d1988 u |0rusy50 ca
101 0 _arus
102 _aRU
105 _ay |||||||||
200 1 _aМетоды исследования экстремальных задач
_eСб. науч. тр.
_fАН УССР, Ин-т кибернетики им. В.М. Глушкова, Науч. совет АН УССР по пробл. "Кибернетика"
_g[Редкол.: В.С. Михалевич (отв. ред.) и др.]
210 _aКиев
_cИК
_d1988
215 _a77, 6 с.
_d20
320 _aБиблиогр. в конце ст.
702 1 _aМихалевич
_bВ. С.
_gВладимир Сергеевич
_4340
712 0 2 _aИнститут кибернетики им. В.М.Глушкова
_cКиев
_3RU\NLR\AUTH\889993570
801 0 _aRU
_bNLR
_gpsbo
801 1 _aRU
_bELAR
_2rusmarc
852 _aNLR
_j88-4/13333
942 _cBOOK
980 _aNB